000 00485nam a2200181Ia 4500
005 20250508161944.0
008 008 250505s9999 xx 000 0 hin d
037 _aTextual
040 _aFEDL
_beng
_cFEDL
041 _ahin
_2eng
084 _a894.8141, BEN
_qFEDL
100 _aBendre D R
_9632075
245 0 _aChar tar
260 _aNew Delhi, India
_bBharatiya Jnanpith
_c1974
300 _a151p.
942 _cTEXL
_h894.8141, BEN
999 _c1373484
_d1373484